| 000 | 00967cam a22002532 4500 | ||
|---|---|---|---|
| 001 | 3275 | ||
| 003 | UkOxU | ||
| 005 | 20211208233714.0 | ||
| 008 | 131218s1939 enk 000 0 eng | ||
| 035 | _aOCLC ocm03919547 from D960826M | ||
| 040 |
_aDLC _cHDC _dEQO _beng |
||
| 041 | _aeng | ||
| 082 |
_a332.1 _bQUS |
||
| 100 | 1 |
_aQureshi, Anwar Iqbal. _99804 |
|
| 245 | 1 | 0 |
_aState banks for India : _bbeing a study of state banks and land mortgage credit institutions in Australia, New Zealand, South Africa and the United States of America, with suggestions for establishing similar banks in India / _cby Anwar Iqbal Qureshi, with an introduction by Professor A. G. B. Fisher. |
| 260 |
_aLondon : _bMcMillan and Co., limited, _c1939. |
||
| 300 |
_aviii, 248 p. _c22 cm. |
||
| 650 | 0 |
_aBanks and banking. _910341 |
|
| 650 | 0 |
_aBanks and banking _zIndia. _99960 |
|
| 650 | 0 |
_aAgricultural credit. _910342 |
|
| 942 |
_2ddc _cBK |
||
| 999 |
_c3275 _d3275 |
||